| 000 | 00351nam a2200097Ia 4500 | ||
|---|---|---|---|
| 008 | 220216s9999 xx 000 0 und d | ||
| 100 | _aHali R. | ||
| 245 | 0 | _aEmpowerment of small farmer - Need of the hour | |
| 260 |
_bSouvenir, Rubber Plantation Extension: 50 years of Excellence 1957-2007. Rubber Board, Kottayam, India, pp. 37-39. _c2009 |
||
| 942 | _cJS | ||
| 999 |
_c58582 _d58582 |
||